00369nam a2200145 a 4500008004100000020002200041245004600063260002900109300001200138300003300150650001300183003000100196005001700197040000900214  a094754321X (pbk.)10aHow to diagnose and treat leprosy /cILEP aEnfield :bILEP,cc2000. a1st ed. a38 p. :bcol. ill. ;c21 cm. 1aLeprosy.20230123125134.0 cNUST